Migración y crisis en Costa Rica: los rasgos estructurales de la demanda de obra regional /

Na minha lista:
Detalhes bibliográficos
Autor principal: Voorend, Koen
Outros Autores: Robles Rivera, Francisco
Formato: Texto
Tags: Adicionar Tag
Sem tags, seja o primeiro a adicionar uma tag!

MARC

LEADER 00000 a a2200000 04500
001 45829
003
040
100 |a Voorend, Koen  
245 |a Migración y crisis en Costa Rica:   |b los rasgos estructurales de la demanda de obra regional /  |c Koen Voorend, Francisco Robles Rivera  
700 |a Robles Rivera, Francisco  
773 |g páginas 84-101: tablas, gráficos, fotos  
999 |c 31212  |d 31212